MDQL
is popping MORE tags! Check the
thread
!
Quizzes
Events
Quiz Creation
Community
Videos
Private Events
Remove Ads
Sign In
Join for FREE
Feedback
Dark Mode
Quiz Categories
Sports
Geography
Music
Movies
Television
Just For Fun
Miscellaneous
History
Literature
Language
Science
Gaming
Entertainment
Religion
Holiday
For Kids
Quiz Lab
Recent
Popular Today
Quiz Kudos Today
Editor Picks
Curator Picks
Quizzes by...
Day
Popularity
Type
Ratings
Length
Year
Community
Subscriptions
Recent Discussions
Orange Saloon
Badges
Playlists
Quests
Create
Leaderboards
Showdown
Live 5
Trivia Bingo
Activity
Puzzle Library
Sporcle Events
Private Events
Virtual Trivia
Globe League
Become a Host
Pub Owners
SporcleCon
Opinionation
Our Games
Videos
Blog
Mobile Apps
Partnerships
Remove Ads and Go Orange
Feedback
Television
TV Characters
TV Show
Sitcom
Network
Friends
Reality Shows
Cast
South Park
Star Trek
The Simpsons
Doctor Who
Television
TV Characters
TV Show
Sitcom
Network
Friends
Reality Shows
Cast
South Park
Star Trek
The Simpsons
Doctor Who
Random Quiz
Search Sporcle
×
Quiz Lab
Quiz Lab
Television
TV Show
Type in answers that appear in a list
Type in answers that appear in a list
Classic
Best Score? Go Orange.
Gullah Gullah Island Theme Song Stats
Can you name the lyrics to the Gullah Gullah Island theme song?
By
StephAnnRose
3m
91 Questions
241 Plays
241 Plays
241 Plays
Comments
Comments
Give Quiz Kudos
Give Quiz Kudos
-
- Ratings
hide this ad
Replay
Link that replays current quiz
Next Quiz
Link to next quiz in quiz playlist
You Got
0%
They Got
Avg Score
75%
Avg Friend Score
Upgrade to see
Score Distribution
Jump to the score distribution portion of the page
Score
0/91
Timer
03:00
0
Plays Today
% Correct
Gullah
94.2%
Gullah
94.2%
Gullah
94.2%
Gullah
94.2%
Gullah
94.2%
Gullah
94.2%
Gullah
94.2%
Gullah
94.2%
Gullah
94.2%
Gullah
94.2%
Gullah
94.2%
Gullah
94.2%
Gullah
94.2%
Gullah
94.2%
Gullah
94.2%
Gullah
94.2%
Gullah
94.2%
Gullah
94.2%
and
92.9%
the
92.9%
and
92.9%
the
92.9%
and
92.9%
the
92.9%
to
88%
to
88%
to
88%
to
88%
to
88%
let's
87.6%
Let's
87.6%
% Correct
Let's
87.6%
let's
87.6%
Let's
87.6%
Come
87.1%
come
87.1%
is
86.3%
Island
85.5%
Island
85.5%
Island
85.5%
Island
85.5%
Island
85.5%
we
85.1%
go
83%
go
83%
go
83%
in
82.6%
in
82.6%
in
82.6%
play
80.9%
all
80.9%
All
80.9%
all
80.9%
play
80.9%
all
80.9%
together
80.5%
together
80.5%
sunny
76.8%
sunny
76.8%
weather
76.3%
weather
76.3%
bright
73.9%
% Correct
bright
73.9%
you
66.4%
do
63.5%
see
57.3%
there
55.2%
there
55.2%
your
53.1%
your
53.1%
That
53.1%
that
53.1%
Lots
52.7%
hand
52.7%
need
51.9%
Don't
50.2%
So
50.2%
miss
49.8%
up
49.4%
hurry
49%
things
49%
Binyah
48.5%
Binyah
48.5%
now
46.5%
good
45.6%
foot
44.8%
means
43.6%
planned
40.7%
Just
40.2%
we've
39%
put
37.3%
Quiz Playlist
Details
Report
Send in Message
Add To Playlist
Classic:
Type in answers that appear in a list
Last Updated: Feb 16, 2017
Quiz Scoreboard
CHALLENGE
Sign Up to Join the Scoreboard
Show All
Scores
Hide
Comments
May contain spoilers
Recently Published
Holiday 10x10 Sorting Gallery
by lukepisani3
Holiday
15m
Two Season TV Shows II
by 123Four
Television
10m
Image Sorting: Flags VI
by Barbecue
Geography
2m
More to Explore
Quiz From the Vault
Featured Blog Post
14 Easter Pick-up Lines to Find Eggs With
hide this ad
You Might Also Like...
Tags
Lyrics Quiz
TV Show Quiz
1990s
island
Kid Shows
Nickelodeon
Theme Songs
Today's Top Quizzes in Television
Browse Television
hide this ad
Today's Top Quizzes in TV Show
Browse TV Show
Top Contributed Quizzes in Television
1
Survivor Journey Challenge
2
Even More Two Season TV Shows
3
Adjectives in 00s TV Shows
4
Even More Three Season TV Shows
5
Survivor Logic Puzzle: Heroes vs. Villains
6
Adjectives in 10s TV Shows
7
One Season TV Shows
8
One Piece Logic Puzzle
9
Brooklyn Nine Nine Logic Puzzle (How-To-Play)
10
Click the SpongeBob Episodes (Season 3)
Explore More
Trending Topics
Marvel
Kpop
Crossword
Anime
Harry Potter
Disney
NBA
Country
Puzzle
WWE
The Office
NFL
Pokémon
Soccer
Song
hide this ad
More By:
StephAnnRose
Quiz
Plays
Rating
Category
Featured
Created
Gullah Gullah Island Theme Song
241
5.00
Television
Sep 16, 2012
Go to Creator's Profile
Score Distribution
Quiz Creator Spotlight
StephAnnRose
Follow
Send a Message
Quizzes Created
-
Created Quiz Play Count
-
More By This Creator
Popular Quizzes Today
1
Find the US States - No Outlines Minefield
2
Colored Red Africa Blitz
3
Find the 'City' Movie
4
The Countries of the World
5
Find the US States
6
5x2 Blitz: Bands
7
Find the Countries of Europe - No Outlines Minefield
8
US States
More Television Quizzes
TV Shows Cut Off at 'B'
Published
Trending Quizzes
Colored Red Europe Blitz I
Colored Red Europe Blitz II
Colored Red Africa Blitz II
Colored Red Europe Blitz III
Colored Red Africa Blitz III
Recently Updated
Odd Team Out - Big 4 Players
pecheneg
Quick Pick: 20 Twenties
pecheneg
March Madness Men's Triple Doubles
pecheneg
How Do You Spell That?
pecheneg
Godzilla Movies
pecheneg
Grab Bag: 4-10 Letters
pecheneg
2024 March Madness Bracket
pecheneg
Famous TV Couples
Peacemaker
Champions League XIs: Real Madrid
pecheneg
Largest US Cities 1790-2010
pecheneg
Trending Topics
Kpop
Crossword
Anime
NBA
Marvel
Disney
Harry Potter
The Office
Soccer
Country
WWE
Puzzle
Song
Pokémon
NFL
Your Account Isn't Verified!
In order to create a playlist on Sporcle, you need to verify the email address you used during registration. Go to your
Sporcle Settings
to finish the process.
Report this User
Report this user for behavior that violates our
Community Guidelines
.
Details:
Send Report
Go to the Sporcle.com Mobile Site →
Comments